000 00316nam a2200109Ia 4500
008 260210s9999 xx 000 0 und d
020 _a9788997079780
100 _aDMP
245 0 _aLiving Space I: Global Living Space Design Collection With Powerful And Unconstrained Syles (Price P
260 _bDMP
942 _cBDES
999 _c14102
_d14102